000 00882pam a2200229 a 4500
001 2959715
005 19911209134447.8
008 910415s1992 caua 001 0 eng
020 _a0201011182
040 _aDLC
_cDLC
_dDLC
050 0 0 _aQA76.76.O63
_bD38 1991
082 0 0 _a005.43
_222
_bDAV
100 1 _aDavis, William S.,
_d1943-
_97137
245 1 0 _aOperating Systems :
_bA Systematic view /
_cWilliam S. Davis.
260 _aRedwood, Calif. :
_bAddison-Wesley,
_c1978
300 _a395 p. :
_bill. ;
_c25 cm.
500 _aIncludes index.
650 0 _aOperating systems (Computers)
_97138
942 _2ddc
_cBB
999 _c12086
_d12086